Investment statistics locator /

Bibliographic Details
Main Author: Chapman, Karen J.
Format: Book
Language:English
Published: Phoenix, AZ : Oryx Press, 1988.
Subjects:

MARC

Tag First Indicator Second Indicator Subfields
LEADER 00000cam a22000008a 4500
001 in00000014155
005 20151007052142.0
008 870831s1988 azu is 00110 eng
010 |a  87024746  
020 |a 0897743679 
035 |a (OCoLC)16682470 
035 |9 AAA6514AM 
040 |a DLC  |c DLC  |d TXA  |d UtOrBLW 
043 |a n-us--- 
049 |a TXAF  |c [A11484531] 
050 0 0 |a Z7164.C18  |b C47 1988  |a HG4910 
082 0 |a 332.6/0973  |2 19 
090 |a HG4910  |b .C437 1988 
100 1 |a Chapman, Karen J. 
245 1 0 |a Investment statistics locator /  |c by Karen J. Chapman. 
263 |a 8801 
264 1 |a Phoenix, AZ :  |b Oryx Press,  |c 1988. 
300 |a 182 pages 
336 |a text  |b txt  |2 rdacontent 
337 |a unmediated  |b n  |2 rdamedia 
338 |a volume  |b nc  |2 rdacarrier 
500 |a Includes index. 
650 0 |a Investments  |z United States  |x Statistics  |x Periodicals  |x Indexes. 
999 |a MARS 
999 f f |s e2214457-f370-3111-b1e1-8e1b666e5991  |i 0d52145b-2fc4-37a8-a504-dcda11652e0d  |t 0 
952 f f |p ric  |a Texas A&M University  |b Rellis Campus  |c Joint Library Facility  |d Remote Storage  |t 0  |e HG4910 .C437 1988  |h Library of Congress classification  |i unmediated -- volume  |m A14811484531 
998 f f |a HG4910 .C437 1988  |t 0  |l Remote Storage